00497nam a2200157 a 4500008004100000020001800041050001500059100002400074245009500098250001200193260003900205300002300244500002300267650002500290650002400315130516s2011 ||||||||||||||||| || u a9780702032325 aRM 735 Fou aDuncan, Edward A. S10aFoundations for practice in occupational therapy. (5th ed.)cedited by Edward A. S. Duncan a5th ed. aEdinburgh, London:bElsevierc2011 axviii, 265p.: ill. aSCHOOL OF MEDICINE 2aOCCUPATIONAL THERAPY 2aMODELS--THEORETICAL